[Event "2nd Masters"]
[Site "Villeurbanne FRA"]
[Date "2003.09.20"]
[Round "10"]
[White "Carlhammar,M"]
[Black "Legky,N"]
[Result "1/2-1/2"]
[WhiteElo "2279"]
[BlackElo "2482"]

1.Nf3 d5 2.g3 c6 3.Bg2 Nf6 4.O-O Bf5 5.b3 e6 6.Bb2 Be7 7.d3 h6 8.Nbd2 O-O
9.c4 Nbd7 10.Qc2 Bh7 11.a3 a5 12.Bc3 Bd6 13.Qb2 Qe7 14.Ne5 Nxe5 15.Bxe5 Bxe5
16.Qxe5 Rfc8 17.Rfc1 Bg6 18.Nf3 Nd7 19.Qc3 Bh5 20.Ra2 Bxf3 21.Bxf3 Qd6 22.d4 Qf8
23.c5 e5 24.e3 Re8 25.Rb2 Ra7 26.b4 axb4 27.Rxb4 Rea8 28.Ra1 Qe7 29.Qb2 exd4
30.exd4 Nf8 31.Bg4 Nh7 32.Rb3 g6 33.Rb1 h5 34.Bh3 Ng5 35.Bg2 Ne6 36.Bh3 Ng5
37.Bg2 Qf6 38.h4 Ne6 39.Rd1 Ra4 40.Rf3 Qe7 41.Bh3 Nf8 42.Re3 Qf6 43.Rdd3 R8a7
44.Re5 R7a5 45.Qxb7 Rxd4 46.Rxd4 Qxe5 47.Rf4 Qe8 48.Qb4 Rb5 49.Qc3 Qe7 50.Kh2 Rxc5
51.Qb4 Qa7 52.Rf6 Rc2 53.Kg2 Ra2 54.Qc3 c5 55.Qb3 Rd2 56.Qe3 Rd4 57.Rc6 Qb7
58.Rc8 Rd1 59.Qxc5 d4+ 60.Qc6 Qxc6+ 61.Rxc6 d3 62.Rd6 d2 63.Kh2 Ra1  1/2-1/2

[Event "2nd Masters"]
[Site "Villeurbanne FRA"]
[Date "2003.09.20"]
[Round "10"]
[White "Kosten,A"]
[Black "Thiriet,B"]
[Result "1-0"]
[WhiteElo "2514"]
[BlackElo "2173"]

1.Nf3 d5 2.g3 Nf6 3.Bg2 Bf5 4.b3 h6 5.Bb2 e6 6.O-O Be7 7.d3 O-O 8.Nbd2 Nbd7
9.c4 c6 10.Rc1 a5 11.a3 Qb6 12.e4 dxe4 13.dxe4 Bh7 14.e5 Ne8 15.Qe2 Nc5 16.Bd4 Qa6
17.Qe3 Nd7 18.Bb2 Nc5 19.Bd4 Nd7 20.Ra1 c5 21.Bc3 a4 22.b4 b5 23.cxb5 Qxb5
24.bxc5 Bxc5 25.Nd4 Rb8 26.Ne4 Bxd4 27.Qxd4 Nc7 28.Bb4 Bxe4 29.Bxe4 Rfd8
30.Bd6 Nb6 31.Rab1 Qa5 32.Bc6 Rdc8 33.Rfc1 Nbd5 34.Rxb8 Rxb8 35.Bxd5 Nb5
36.Qc5 Qd2 37.Bxb8 Nd4 38.Qc8+ Kh7 39.Be4+ g6  1-0

[Event "EYg18"]
[Site "Budva YUG"]
[Date "2003.09.22"]
[Round "9"]
[White "Gregorova,Z"]
[Black "Haecker,S"]
[Result "1-0"]
[WhiteElo "2198"]
[BlackElo "1985"]

1.Nf3 d5 2.g3 Nf6 3.Bg2 c6 4.d3 e6 5.Nbd2 Bd6 6.e4 Nbd7 7.O-O O-O 8.Re1 Qc7
9.c3 dxe4 10.dxe4 e5 11.Nc4 Be7 12.Qc2 a6 13.Nh4 g6 14.Bg5 b5 15.Ne3 Nc5
16.Nf1 Ne6 17.Bd2 c5 18.Nf5 Bd8 19.Bh6 Re8 20.Rad1 Bb7 21.Nd6 Re7 22.Nxb7 Qxb7
23.Ne3 Ng4 24.Nxg4  1-0

[Event "zt 2.5"]
[Site "Asuncion PAR"]
[Date "2003.09.23"]
[Round "9"]
[White "Sosa Harrison,J"]
[Black "Gamarra Caceres,C"]
[Result "1-0"]
[WhiteElo "2294"]
[BlackElo "2228"]

1.Nf3 d5 2.g3 Nf6 3.b3 g6 4.Bb2 Bg7 5.Bg2 c5 6.O-O O-O 7.c4 d4 8.b4 Nfd7
9.d3 e5 10.bxc5 Re8 11.Nbd2 Nxc5 12.Nb3 Na4 13.Ba3 Nc3 14.Qd2 Nc6 15.e3 Bg4
16.Rae1 Qf6 17.exd4 exd4 18.Ng5 Be2 19.Ne4 Rxe4 20.Bxe4 Bxf1 21.Kxf1 Nxe4
22.Rxe4 Qf3 23.Kg1 h5 24.Bd6 Qf5 25.a3 Rd8 26.Bf4 Kh7 27.h4 Rd7 28.Qe2 b6
29.Nd2 Qa5 30.Nf3 Bf6 31.Bg5 Bxg5 32.Nxg5+ Kg7 33.Re8 Qf5 34.Re4 a6 35.Rf4 Qe5
36.Qf3 Qe1+ 37.Kg2 Ne5 38.Qe4 Qxe4+ 39.Rxe4 Nxd3 40.Nf3 Nb2 41.Nxd4 f5 42.Rf4 Nd3
43.Nxf5+ gxf5 44.Rxf5 Kg6 45.Rg5+ Kh6 46.Rf5 Rd6 47.f3 Rc6 48.g4 hxg4 49.fxg4 Nb2
50.Rh5+ Kg7 51.Rd5 Nxc4 52.Rd7+ Kg6 53.Kg3 Nxa3 54.h5+ Kg5 55.Rd5+ Kf6 56.g5+ Ke6
57.h6 Kf7 58.Rd7+ Kg8 59.Rg7+ Kh8 60.g6 Nc4 61.Kf4 Nd6 62.Rh7+ Kg8 63.Rg7+ Kf8
64.Rd7 Rc4+ 65.Ke5 Nc8 66.Rf7+  1-0

[Event "3rd ch-Euro Senior"]
[Site "Saint Vincent ITA"]
[Date "2003.09.24"]
[Round "8"]
[White "Molinari,G"]
[Black "Deveau,H"]
[Result "1-0"]
[WhiteElo "2208"]
[BlackElo "1911"]

1.Nf3 d5 2.g3 Nf6 3.Bg2 c5 4.d3 Nc6 5.O-O e5 6.Nc3 d4 7.Ne4 Nxe4 8.dxe4 Be7
9.e3 O-O 10.exd4 cxd4 11.Ne1 f5 12.f4 exf4 13.Bxf4 Bd6 14.Nd3 Bxf4 15.Nxf4 Qb6
16.Nd3 Be6 17.exf5 Bxf5 18.b3 Nb4 19.Kh1 Rac8 20.Nxb4 Qxb4 21.Bd5+ Kh8 22.Bc4 Qc3
23.Bd3 Bxd3 24.Qxd3 Kg8 25.Rxf8+ Rxf8 26.Rd1 Qc6+ 27.Kg1 Rc8 28.Rd2 Rd8 29.c3 Qe6
30.Qc4 Rd5 31.Rxd4 Qe3+ 32.Kg2  1-0

[Event "Osen I"]
[Site "Alushta UKR"]
[Date "2003.09.25"]
[Round "13"]
[White "Danielian,E"]
[Black "Boricsev,O"]
[Result "1-0"]
[WhiteElo "2400"]
[BlackElo "2326"]

1.Nf3 d5 2.g3 c5 3.Bg2 Nc6 4.d4 e6 5.O-O Nf6 6.c4 Be7 7.dxc5 Bxc5 8.a3 Be7
9.Qc2 Bd7 10.cxd5 exd5 11.Nc3 d4 12.Nb5 Qb6 13.Qd3 Nb4 14.axb4 Bxb5 15.Qxd4 Rd8
16.Qe5 Rd5 17.Qb8+ Rd8 18.Qxa7 Qxa7 19.Rxa7 Ba6 20.Ne5 Bxe2 21.Re1 Ba6 22.b5 Bxb5
23.Rxb7 Bb4 24.Ng6+  1-0

[Event "ch-IRI"]
[Site "Mashad IRI"]
[Date "2003.09.25"]
[Round "3"]
[White "Bakhtiari,K"]
[Black "Mooses,G"]
[Result "0-1"]
[WhiteElo "2312"]
[BlackElo "2207"]

1.Nf3 d5 2.g3 Nf6 3.Bg2 Bg4 4.c4 e6 5.Qb3 Qc8 6.Nc3 c6 7.d3 Nbd7 8.cxd5 exd5
9.Bf4 Be7 10.Rc1 Nc5 11.Qc2 Bh3 12.O-O Bxg2 13.Kxg2 Ne6 14.Be5 Qd8 15.e4 dxe4
16.dxe4 Qa5 17.b4 Bxb4 18.Bxf6 gxf6 19.Ne2 O-O-O 20.Rb1 Bc5 21.Qb2 Bb6 22.Qxf6 Qxa2
23.Rb2 Qa3 24.Rfb1 Qd3 25.Qxf7 Qxe4 26.Nc3 Ng5 27.Nxe4 Nxf7 28.Ned2 Nd6 29.Ne5 Bd4
30.f4 Bxb2 31.Rxb2 Rhf8 32.Ndf3 Nf7 33.Nxf7 Rxf7 34.Ne5 Rc7 35.Kf3 c5 36.f5 c4
37.f6 c3 38.Rc2 b5  0-1

[Event "2nd League TCh-SCG"]
[Site "Belgrade SCG"]
[Date "2003.09.28"]
[Round "2"]
[White "Tadic,B"]
[Black "Ilincic,Z"]
[Result "1/2-1/2"]
[WhiteElo "2468"]
[BlackElo "2557"]

1.Nf3 d5 2.g3 Nf6 3.Bg2 e6 4.O-O c5 5.c4 dxc4 6.Na3 Nc6 7.Nxc4 Be7 8.d3 O-O
9.a3 a5 10.b3 Ra6 11.Bb2 b5 12.Nce5 Bb7 13.a4 bxa4 14.Rxa4 Nb4 15.Qa1 Nfd5
16.Rc1 f6 17.Nc4 Nc6 18.Bh3 Kf7 19.Nfd2 Bc8 20.Ne3 Nb6 21.Ra2 Nd4 22.Bxd4 cxd4
23.Nc2 Nd5 24.Nxd4 Nb4 25.Ra3 Nxd3 26.exd3 Bxa3 27.Qxa3  1/2-1/2

[Event "ch-IRI"]
[Site "Mashad IRI"]
[Date "2003.09.28"]
[Round "7"]
[White "Bakhtiari,K"]
[Black "Vahidi,M"]
[Result "0-1"]
[WhiteElo "2312"]
[BlackElo "2245"]

1.Nf3 d5 2.g3 Nf6 3.Bg2 c6 4.O-O Bf5 5.d3 h6 6.Nbd2 e6 7.Qe1 Be7 8.e4 Bh7
9.Ne5 Nbd7 10.Nxd7 Nxd7 11.f4 dxe4 12.dxe4 O-O 13.Kh1 Re8 14.g4 e5 15.f5 Bg5
16.Nf3 Bxc1 17.Rxc1 Kh8 18.h4 Nf6 19.g5 Nh5 20.Bh3 f6 21.Rg1 Nf4 22.Bf1 Bg8
23.gxh6 gxh6 24.Qg3 Qe7 25.h5 Bh7 26.Nh4 Rad8 27.Qe3 Qb4 28.Bd3 Qd4 29.Qf3 Rg8
30.Ng6+ Bxg6 31.hxg6 Kg7 32.Rcd1 b6 33.b3 Qc3 34.Rgf1 Rd4 35.Rf2 Rgd8 36.Rfd2 b5
37.Kg1 c5 38.Rh2 c4 39.bxc4 bxc4 40.Rxh6 Kxh6 41.Kf2 Rxd3 42.cxd3 Qc2+  0-1

[Event "ECC"]
[Site "Rethymnon GRE"]
[Date "2003.09.28"]
[Round "1"]
[White "Nivala,T"]
[Black "Avrukh,B"]
[Result "0-1"]
[WhiteElo "2196"]
[BlackElo "2557"]

1.g3 d5 2.Nf3 c6 3.Bg2 Bg4 4.O-O Nd7 5.d3 Ngf6 6.c4 e6 7.Nc3 Bc5 8.cxd5 exd5
9.Qc2 O-O 10.h3 Bxf3 11.Bxf3 Re8 12.a3 a5 13.Rb1 Qe7 14.Bg5 h6 15.Bxf6 Qxf6
16.Bg2 Qe5 17.Kh1 d4 18.Ne4 Bf8 19.b4 axb4 20.axb4 Ra3 21.Rfe1 Rea8 22.Rb2 Nb6
23.Rb3 Nd5 24.Nc5 Ra2 25.Qc4 Rxe2 26.Rf1 Raa2 27.Nd7 Qf5 28.Nxf8 Rxf2  0-1

[Event "ECC"]
[Site "Rethymnon GRE"]
[Date "2003.09.28"]
[Round "1"]
[White "Markowski,T"]
[Black "Asmundsson,I"]
[Result "1-0"]
[WhiteElo "2610"]
[BlackElo "2321"]

1.g3 d5 2.Nf3 c6 3.Bg2 e6 4.O-O Bd6 5.c4 f5 6.d3 Nf6 7.Nc3 O-O 8.e4 dxe4
9.dxe4 Bc5 10.Qxd8 Rxd8 11.Bg5 Rf8 12.Na4 Bb4 13.a3 Ba5 14.exf5 exf5 15.Rad1 Be6
16.b3 Nbd7 17.Nd4 Rfe8 18.Nxe6 Rxe6 19.b4 Bb6 20.Bf4 Rae8 21.c5 Bd8 22.Nb2 Nf8
23.Nc4 Ne4 24.Bxe4 fxe4 25.Nd6 R8e7 26.Bg5 Rd7 27.Bxd8 Rxd8 28.Nxb7 Rb8 29.Na5 Ng6
30.Kg2 Ne5 31.Rfe1 Nf3 32.Re3 Rf8 33.Rd6 Rff6 34.Nc4 h5 35.Rxe6 Rxe6 36.Nd6 Nd2
37.a4 a6 38.Re2 Nb3 39.Rxe4 Rxe4 40.Nxe4 a5 41.b5  1-0

[Event "Tatry Open"]
[Site "Tatranske Zruby SVK"]
[Date "2003.09.28"]
[Round "2"]
[White "Korenek,F"]
[Black "Repkova,E"]
[Result "0-1"]
[WhiteElo "2107"]
[BlackElo "2359"]

1.Nf3 d5 2.g3 Nf6 3.Bg2 e6 4.O-O Be7 5.d4 O-O 6.b3 c5 7.e3 Qc7 8.Bb2 Nbd7
9.Nbd2 b6 10.c4 Ba6 11.Rc1 Rac8 12.Re1 Qb8 13.Ne5 Rfd8 14.f4 Bb7 15.Qe2 Qa8
16.Bh3 dxc4 17.bxc4 Nxe5 18.fxe5 Ne4 19.Nxe4 Bxe4 20.Bg2 Bg5 21.Qg4 Bxg2
22.Qxg5 h6 23.Qf4 Be4 24.Rf1 Rd7 25.Rf2 Qb7 26.g4 Rdc7 27.g5 h5 28.Rd2 Rd7
29.Kf2 Rcd8 30.Kg3 Bg6 31.Rcd1 Be4 32.Kh4 Qc6 33.Rc1 Bg6 34.a3 Qa4 35.d5 exd5
36.e6 fxe6 37.Qe5 Re8 38.Kg3 Qc6 39.Rf2 Qd6 40.Qxd6 Rxd6 41.Rd2 Rd7 42.Rcd1 Be4
43.Rf1 Rf7 44.Rf4 Ref8 45.cxd5 exd5 46.Rdf2 Rxf4 47.Rxf4 Re8 48.h4 Re7 49.Bc1 a5
50.Bd2 a4 51.Rf1 Bd3 52.Rf4 b5 53.Bc1 Rb7 54.Bd2 Be4 55.Rf1 b4 56.Re1 b3  0-1

[Event "2nd League TCh-SCG"]
[Site "Belgrade SCG"]
[Date "2003.09.29"]
[Round "3"]
[White "Nikolic,Milo"]
[Black "Stevanovic,Vl"]
[Result "0-1"]
[WhiteElo "2190"]
[BlackElo "2358"]

1.Nf3 d5 2.g3 Nf6 3.Bg2 e6 4.O-O Be7 5.d3 O-O 6.Nbd2 c5 7.e4 Nc6 8.e5 Nd7
9.Re1 Qc7 10.Qe2 b5 11.Nf1 Bb7 12.h4 Nd4 13.Nxd4 cxd4 14.Bf4 Rac8 15.Rec1 Nb6
16.Nh2 Na4 17.Rab1 Ba3 18.bxa3 Nc3 19.Qh5 Nxb1 20.Ng4 Kh8 21.Rxb1 Qxc2 22.Re1 Qxd3
23.Qg5 Qg6 24.h5 Qxg5 25.Bxg5 h6 26.Be7 Rfe8 27.Bb4 Rc2 28.Rd1 Rec8 29.Bf1 Rc1
30.Rd3 a5 31.Bd2 Ra1 32.Kg2 b4 33.Rxd4 bxa3 34.Bxa5 Rxa2 35.Rb4 Rb2 36.Ra4 a2
37.Bd3 d4+ 38.Kh3 Rc1 39.Ra3 a1=Q 40.Rxa1 Rxa1  0-1

[Event "ECC"]
[Site "Rethymnon GRE"]
[Date "2003.09.29"]
[Round "2"]
[White "Markowski,T"]
[Black "Grabarczyk,M"]
[Result "1/2-1/2"]
[WhiteElo "2610"]
[BlackElo "2508"]

1.g3 d5 2.Nf3 Nf6 3.Bg2 g6 4.c4 d4 5.O-O c5 6.d3 Nc6 7.Na3 Bg7 8.Nc2 a5 9.b3 O-O
10.a3 e5 11.Rb1 e4 12.Ng5 exd3 13.exd3 Bg4 14.Qd2 h6 15.h3 Bf5 16.Nf3 g5
17.Nfe1 Nd7 18.Qd1 Bg6 19.f4 gxf4 20.Bxf4 Nde5 21.b4 axb4 22.axb4 cxb4 23.Nxb4 Ra3
24.Nbc2 Ra7 25.Rb5 Qe7 26.Rf2 Re8 27.Re2 Qd7 28.Nb4 Nxb4 29.Rxb4 Nc6 30.Rxe8+ Qxe8
31.Rb5 Qe7 32.Qb1 Be5 33.Bxe5 Nxe5 34.Rxb7 Rxb7 35.Qxb7 Qxb7 36.Bxb7 Bxd3
37.c5 Bf5 38.Nf3 Nxf3+ 39.Bxf3 Kf8 40.Kf2 Ke7 41.Bd5 Bd7 42.h4 Be6 43.Bb7 Bg4
44.Ba6 f6 45.Be2 Bxe2 46.Kxe2 Ke6 47.Kd3 Kd5 48.c6 Kxc6 49.Kxd4 Kd6 50.Ke4 Ke6
51.h5 f5+ 52.Kf4  1/2-1/2

[Event "ECC"]
[Site "Rethymnon GRE"]
[Date "2003.09.29"]
[Round "2"]
[White "Nikolaidis,I"]
[Black "Fahrner,K"]
[Result "1-0"]
[WhiteElo "2478"]
[BlackElo "2369"]

1.Nf3 d5 2.g3 Nf6 3.Bg2 c6 4.b3 Bf5 5.Bb2 e6 6.d3 Be7 7.O-O O-O 8.Nbd2 h6
9.c4 a5 10.a3 Nfd7 11.Qc2 Na6 12.Ne5 Nxe5 13.Bxe5 f6 14.Bb2 d4 15.f4 Qd7
16.Nf3 Bc5 17.Qd2 Qd6 18.Qe1 Bh7 19.e4 f5 20.exf5 exf5 21.Qxa5 Nb4 22.Qxa8 Rxa8
23.axb4 Rxa1 24.Rxa1 Bxb4 25.Ra8+ Kf7 26.Ne5+ Ke7 27.Ra7 Kf6 28.Rxb7 Bd2
29.Rf7+ Ke6 30.Bxc6 Be3+ 31.Kf1 Qb4 32.Bd5+ Kd6 33.Rd7+ Kc5 34.Rc7+ Kb6 35.Rb7+ Kc5
36.Nd7+  1-0

[Event "ECC"]
[Site "Rethymnon GRE"]
[Date "2003.09.29"]
[Round "2"]
[White "Pedersen,F"]
[Black "Petzold,K"]
[Result "1-0"]
[WhiteElo "2282"]
[BlackElo "2275"]

1.Nf3 d5 2.g3 Bg4 3.Bg2 Nd7 4.O-O e6 5.d3 Bd6 6.Nbd2 c6 7.b3 Ne7 8.Bb2 O-O
9.c4 b5 10.cxb5 cxb5 11.a4 Qb6 12.axb5 Qxb5 13.Ra2 Nc6 14.Qa1 e5 15.Rc1 Rfe8
16.Ra6 Nb6 17.Nb1 Bc8 18.Ra2 Bb7 19.Nc3 Qxb3 20.Nd2 Nd4 21.Nxb3 Nxb3 22.Qb1 Nxc1
23.Qxc1  1-0

[Event "Osen II"]
[Site "Alushta UKR"]
[Date "2003.09.30"]
[Round "6"]
[White "Belikov,V"]
[Black "Tishin,D"]
[Result "1-0"]
[WhiteElo "2499"]
[BlackElo "2310"]

1.Nf3 d5 2.g3 Nf6 3.Bg2 c6 4.O-O Bg4 5.d4 e6 6.Nbd2 Nbd7 7.Re1 Be7 8.e4 dxe4
9.Nxe4 Nxe4 10.Rxe4 Nf6 11.Re1 O-O 12.c3 Nd5 13.Qb3 Qb6 14.Ne5 Qxb3 15.axb3 Bf5
16.Nc4 Rfd8 17.Bd2 Kf8 18.b4 a6 19.Bf1 Rac8 20.Na5 Rd7 21.Nb3 Rdd8 22.Nc5 Rc7
23.h4 h6 24.f3 Bd6 25.Kf2 Re7 26.h5 Nf6 27.g4 Bh7 28.Bc1 Rde8 29.Bd2 Rd8
30.Re2 Nd5 31.Rd1 Bc2 32.Rc1 Bh7 33.Rd1 Bc2 34.Rc1 Bh7 35.Ree1 Nf6 36.Red1 Ke8
37.Bc4 e5 38.dxe5 Bxc5+ 39.bxc5 Rxe5 40.Be3 Rxd1 41.Rxd1 Re7 42.Bf4 Rd7 43.Bd6 Kd8
44.Rd4 Ne8 45.Bf8 Rxd4 46.cxd4 Bg8 47.b3 Kc7 48.f4 Kd7 49.g5 hxg5 50.fxg5 Nc7
51.Bxg7 Ne6 52.Bf6 Bh7 53.b4 Bf5 54.Ke3 Bg4 55.h6 Bf5 56.d5 cxd5 57.Bxd5 Kc7
58.Be4 Bxe4 59.Kxe4 Nf8 60.Bg7  1-0

[Event "ECC"]
[Site "Rethymnon GRE"]
[Date "2003.09.30"]
[Round "3"]
[White "Pedersen,F"]
[Black "Cox,JJ"]
[Result "1/2-1/2"]
[WhiteElo "2282"]
[BlackElo "2308"]

1.g3 d5 2.Nf3 Nf6 3.Bg2 c6 4.O-O Bg4 5.b3 e6 6.Bb2 Nbd7 7.d4 Be7 8.Nbd2 O-O
9.c4 a5 10.a3 Qb6 11.h3 Bh5 12.g4 Bg6 13.Nh4 Rfe8 14.Nxg6 hxg6 15.e3 Rac8
16.f4 c5 17.g5 Nh5 18.cxd5 exd5 19.Bxd5 cxd4 20.Bxd4 Bc5 21.Nc4 Qa6 22.Bxc5 Nxc5
23.Nd6 Rxe3 24.Nxc8 b6 25.Rf3 Rxf3 26.Qxf3 Qxc8 27.b4 Ne6 28.Bxe6 Qxe6 29.bxa5 bxa5
30.Rd1 Kh7 31.f5 Qc4 32.Rf1 Qc5+ 33.Kg2 Qe5 34.Rf2 Qc5 35.a4 Qc1 36.Qg4 Qc6+
37.Rf3 Qc2+ 38.Kh1 Qd1+ 39.Kh2 Qc2+ 40.Kg1 Qc1+ 41.Rf1 Qc5+ 42.Kg2 Qc2+ 43.Rf2 Qc6+
44.Rf3 Qc2+ 45.Rf2 Qc6+  1/2-1/2

[Event "7th Itau Cup"]
[Site "Sao Paulo BRA"]
[Date "2003.09.30"]
[Round "4"]
[White "Soppe,G"]
[Black "Caldeira,A"]
[Result "1-0"]
[WhiteElo "2467"]
[BlackElo "2352"]

1.Nf3 d5 2.g3 Nf6 3.Bg2 Nbd7 4.d4 e6 5.O-O Be7 6.c4 c6 7.Qc2 O-O 8.Nbd2 b5
9.c5 a5 10.e4 dxe4 11.Nxe4 Nxe4 12.Qxe4 Nf6 13.Qc2 Nd5 14.Ne5 Bd7 15.Be4 f5
16.Bg2 Bf6 17.Re1 Bxe5 18.Rxe5 Qf6 19.Bd2 Ne7 20.Rd1 Kh8 21.Re2 Nd5 22.Bxd5 exd5
23.Bf4 Qf7 24.Rde1 Rfe8 25.Qd2 h6 26.Rxe8+ Bxe8 27.Bd6 Qf6 28.Re7 Bf7 29.Be5 Qg6
30.Rxf7 Qxf7 31.Qxh6+ Kg8 32.Qxc6 Re8 33.Qxb5 f4 34.c6 f3 35.c7 Kh7 36.Qd3+ g6
37.h3 a4 38.Kh2 Rf8 39.Qa6 Qf5 40.c8=Q Qxc8 41.Qa7+ Kh6 42.Bg7+ Kg5 43.Qe7+  1-0

[Event "2nd League TCh-SCG"]
[Site "Belgrade SCG"]
[Date "2003.10.01"]
[Round "5"]
[White "Mihic,B"]
[Black "Nikolic,Stani"]
[Result "1/2-1/2"]
[WhiteElo "2353"]
[BlackElo "2326"]

1.Nf3 d5 2.g3 c6 3.Bg2 Nd7 4.O-O e5 5.d3 Ngf6 6.e4 d4 7.c3 dxc3 8.bxc3 Bd6
9.Nbd2 O-O 10.Nc4 Bc7 11.Ba3 Re8 12.Re1 Nb6 13.Ne3 h6 14.Qc2 Ng4 15.Nf1 Nf6
16.Rad1 Bd7 17.h3 Nh7 18.Kh2 Ng5 19.Bc1 Nxf3+ 20.Bxf3 Qf6 21.Qe2 Na4 22.Bd2 Ba5
23.Rc1 Be6 24.Bg2 Rad8 25.Red1 Rd7 26.Be1 Red8 27.Ne3 Bb6 28.Qc2 Nc5 29.d4 Na6
30.d5 Bxe3 31.dxe6 Bxc1 32.Rxd7 Ba3 33.exf7+ Kf8 34.Rxb7 Nc5 35.Rxa7 Nd3
36.Rxa3 Nxe1 37.Qe2 Nd3 38.Ra7 Nxf2 39.Qf3 Nd1 40.Qxf6 gxf6 41.Bf3 Nxc3 42.a4 f5
43.exf5 e4 44.Bh5 e3 45.f6 Ne4 46.Kg2 Nxf6 47.Be2 Nd5 48.Kf3 Rd6 49.a5 Rf6+
50.Ke4 Kg7 51.Kd3 Rd6 52.a6 Rd8 53.Rb7 Ne7+ 54.Kxe3 Kxf7 55.Bf3 Ke6  1/2-1/2

[Event "ECC Women"]
[Site "Rethymnon GRE"]
[Date "2003.10.01"]
[Round "4"]
[White "Borisova,B"]
[Black "Stjazhkina,O"]
[Result "0-1"]
[WhiteElo "2160"]
[BlackElo "2359"]

1.Nf3 d5 2.g3 c6 3.Bg2 Bg4 4.h3 Bh5 5.O-O Nd7 6.b3 e5 7.Bb2 Bd6 8.d3 Ngf6
9.c4 O-O 10.cxd5 cxd5 11.Nc3 h6 12.Nb5 Bb8 13.Rc1 a6 14.Nc3 Nb6 15.Na4 Re8
16.Nc5 Ra7 17.Nh4 Nbd7 18.b4 b6 19.Nb3 Qe7 20.Qd2 Qe6 21.e4 Nf8 22.Nf5 Rd7
23.Qe3 Bg6 24.g4 Bxf5 25.gxf5 Qd6 26.a3 Nh5 27.Rc2 Nf4 28.Bc1 Nh7 29.Re1 Qf6
30.Qg3 dxe4 31.d4 Nxg2 32.Qxg2 exd4 33.Rxe4 Red8 34.Rc6 Rd6 35.Rxd6 Bxd6
36.Nxd4 Be5 37.Nf3 Bc3 38.Be3 Qxf5 39.Bd4 Nf6 40.Bxf6 Qxf6 41.Qg4 Rd6 42.Rf4 Qd8
43.Nh4 Rd1+ 44.Kg2 Qd5+ 45.Rf3 Rd3 46.Nf5 Qxf3+ 47.Qxf3 Rxf3 48.Kxf3 Kh7
49.Nd6 Kg6 50.Ke4 b5 51.Ne8 Bb2 52.Nc7 Bxa3 53.Nxa6 Kg5 54.Nc7 Bxb4 55.Nxb5 Kh4
56.Nd4 Kxh3 57.Nf5 Bf8 58.Kf3 g6 59.Ne3 f5 60.Ke2 Bc5 61.Nd5 g5 62.f3 h5
63.Nf6 h4 64.Nd7 Bg1 65.Nf8 Kg2 66.Nh7 h3 67.Nxg5 h2  0-1

[Event "7th Itau Cup"]
[Site "Sao Paulo BRA"]
[Date "2003.10.01"]
[Round "5"]
[White "Braga,C"]
[Black "Galego,L"]
[Result "1-0"]
[WhiteElo "2426"]
[BlackElo "2494"]

1.g3 d5 2.Nf3 Nc6 3.d4 Bg4 4.Bg2 Qd7 5.O-O O-O-O 6.c4 dxc4 7.Qa4 e6 8.Ne5 Nxe5
9.Qxa7 Qb5 10.dxe5 c6 11.Be3 Kc7 12.Nc3 Qa6 13.Qxa6 bxa6 14.Rac1 Ne7 15.h3 Bh5
16.g4 Bg6 17.Na4 Nd5 18.Rxc4 Nxe3 19.Rxc6+ Kd7 20.fxe3 Ke8 21.Rxa6 Be7 22.Rxe6  1-0

[Event "7th Itau Cup"]
[Site "Sao Paulo BRA"]
[Date "2003.10.01"]
[Round "5"]
[White "Ramon,V"]
[Black "Cubas,Jo"]
[Result "0-1"]
[WhiteElo "2225"]
[BlackElo "2419"]

1.Nf3 d5 2.g3 Nf6 3.Bg2 Bf5 4.b3 e6 5.Bb2 Be7 6.O-O h6 7.d3 O-O 8.Nbd2 a5
9.a3 Bh7 10.c4 c6 11.Qc2 Nbd7 12.Bc3 b5 13.cxb5 cxb5 14.b4 axb4 15.axb4 Nb6
16.Rxa8 Qxa8 17.Ra1 Na4 18.Nd4 Qb7 19.Nxb5 Nxc3 20.Nxc3 Rc8 21.Ndb1 Qxb4
22.Ra4 Qb6 23.e3 Nd7 24.Bf1 Bf6 25.Qd2 d4 26.exd4 Bxd4 27.Rc4 Rxc4 28.dxc4 Ne5
29.Qa2 Bf5 30.Nb5 Nf3+ 31.Kh1 Bxf2 32.Qa8+ Kh7 33.Qxf3 Bxb1 34.Kg2 Be3 35.Be2 Bg6
36.h4 Qc5 37.h5 Bf5 38.g4 Bc2 39.Qxf7 Qe5 40.Qf3 Be4  0-1

[Event "Tatry Open"]
[Site "Tatranske Zruby SVK"]
[Date "2003.10.01"]
[Round "6"]
[White "Petran,Pe"]
[Black "Tepper,F"]
[Result "1-0"]
[WhiteElo "2391"]
[BlackElo "2232"]

1.g3 d5 2.Nf3 c5 3.Bg2 Nc6 4.c4 d4 5.O-O e5 6.d3 Nf6 7.e3 Be7 8.exd4 exd4
9.a3 a5 10.Bg5 O-O 11.Re1 h6 12.Bxf6 Bxf6 13.Nbd2 Be7 14.Ne5 Nxe5 15.Rxe5 Bd6
16.Re1 Bf5 17.Ne4 Be7 18.Rb1 Qd7 19.b3 Bg4 20.Bf3 Bf5 21.Qc2 Rfe8 22.Re2 Bg4
23.Bxg4 Qxg4 24.Rbe1 Kf8 25.Kg2 f5 26.Nd2 Bd6 27.Nf3 Qg6 28.Qd2 b6 29.b4 cxb4
30.Nxd4 bxa3 31.Re6 Bb4 32.Qa2 Qf7 33.R1e5 Rxe6 34.Nxe6+ Kg8 35.d4 Re8 36.d5 Bd6
37.Re3 Kh8 38.Rb3 Bb4 39.h4 Rxe6 40.dxe6 Qxe6 41.Re3 Qc6+ 42.f3 Qf6 43.Re2 Bc5
44.f4 Qc6+ 45.Kh2 Qd7 46.Qc2 g6 47.Rd2 Qf7 48.Qc3+ Kh7 49.Qe5 Bf8 50.Qb5 Bg7
51.Qxb6 Qxc4 52.Qxa5 Qc3 53.Qxc3 Bxc3 54.Rd7+ Kg8 55.Ra7 Bb2 56.Kg2 Kf8 57.Kf3 Ke8
58.Ke2 g5 59.hxg5 hxg5 60.fxg5 Bc1 61.g6 Kf8 62.Rf7+ Kg8 63.Rxf5 Kg7 64.Rc5 Bb2
65.Ra5 Kxg6 66.Kf3 Kf6 67.Kg4 Ke6 68.Kf3 Kd6 69.Ke2 Ke6 70.Kd3 Kf6 71.Ke4 Kg6
72.Kf4 Bc1+ 73.Kg4 Kf6 74.Kh5 Bb2 75.g4 Kf7 76.Kh6 Bg7+ 77.Kh7 Bb2 78.g5  1-0

[Event "Tatry Open"]
[Site "Tatranske Zruby SVK"]
[Date "2003.10.01"]
[Round "6"]
[White "Szamos,A"]
[Black "Chovanec,M"]
[Result "1/2-1/2"]
[WhiteElo "2274"]
[BlackElo "2184"]

1.Nf3 d5 2.g3 Bf5 3.Bg2 c6 4.c4 e6 5.b3 Nf6 6.Bb2 Nbd7 7.O-O h6 8.d3 Bc5
9.Nc3 Qe7 10.Qc2 Bg6 11.e4 dxe4 12.dxe4 O-O 13.Rad1 Rfd8 14.Rd2 Bb4 15.Nd4 c5
16.Nde2 Ne5 17.Rdd1 Nc6 18.a3 Ba5 19.f3 Rxd1 20.Rxd1 Rd8 21.Na4 Rxd1+ 22.Qxd1 Bc7
23.Qd3 e5 24.Nac3 Nd4 25.Nd5 Nxd5 26.cxd5 f6  1/2-1/2

[Event "Osen II"]
[Site "Alushta UKR"]
[Date "2003.10.02"]
[Round "8"]
[White "Nalbandian,T"]
[Black "Pavlov,Ma"]
[Result "1/2-1/2"]
[WhiteElo "2478"]
[BlackElo "2443"]

1.Nf3 d5 2.g3 c6 3.Bg2 Bg4 4.O-O Nd7 5.d3 e6 6.Nbd2 Bd6 7.e4 Ne7 8.Qe1 Bh5
9.b3 O-O 10.Bb2 a5 11.a3 Re8 12.c4 Bc7 13.d4 f6 14.Rc1 Bf7 15.Qe2 Ng6 16.Rfe1 Bd6
17.e5 Bf8 18.Rc3 a4 19.exf6 gxf6 20.h4 Bg7 21.h5 Ngf8 22.Nh4 f5 23.cxd5 cxd5
24.bxa4 Bxd4 25.Rb3 Bxb2 26.Rxb2 Rxa4 27.Rxb7 Rxa3 28.h6 Qg5 29.Qb5  1/2-1/2

[Event "7th Itau Cup"]
[Site "Sao Paulo BRA"]
[Date "2003.10.02"]
[Round "6"]
[White "Braga,C"]
[Black "Milos,G"]
[Result "1/2-1/2"]
[WhiteElo "2426"]
[BlackElo "2592"]

1.g3 d5 2.Nf3 c6 3.Bg2 Bg4 4.O-O Nd7 5.d4 e6 6.Nbd2 Ngf6 7.Re1 Be7 8.e4 O-O
9.c3 Bh5 10.Qb3 Rb8 11.c4 Qa5 12.exd5 cxd5 13.cxd5 Nxd5 14.Nc4 Qa6 15.Nfe5 Nxe5
16.Rxe5 Bg6 17.Bxd5 exd5 18.Rxd5 Qe6 19.Re5 Qd7 20.Bf4 Rbc8 21.Rd1 b6 22.Ree1 Bf6  1/2-1/2

[Event "Osen II"]
[Site "Alushta UKR"]
[Date "2003.10.03"]
[Round "10"]
[White "Derjabin,I"]
[Black "Ushenina,A"]
[Result "1/2-1/2"]
[WhiteElo "2401"]
[BlackElo "2311"]

1.Nf3 d5 2.g3 Bg4 3.Bg2 Nd7 4.c4 e6 5.d4 c6 6.Nc3 Ngf6 7.O-O Bd6 8.Qb3 Rb8
9.cxd5 exd5 10.e4 dxe4 11.Ng5 O-O 12.Ngxe4 Bc7 13.Be3 Nxe4 14.Nxe4 Be6 15.Qa3 Bd5
16.Nc3 Bxg2 17.Kxg2 Nb6 18.Qxa7 f5 19.Qa3 f4 20.Qb3+ Kh8 21.gxf4 Bxf4 22.Rae1  1/2-1/2

[Event "ECC Women"]
[Site "Rethymnon GRE"]
[Date "2003.10.03"]
[Round "6"]
[White "Chelushkina,I"]
[Black "Grabuzova,T"]
[Result "1/2-1/2"]
[WhiteElo "2362"]
[BlackElo "2362"]

1.g3 d5 2.Nf3 c5 3.Bg2 Nf6 4.O-O e6 5.d4 cxd4 6.Nxd4 e5 7.Nb3 Be6 8.Nc3 Be7
9.Bg5 Nbd7 10.Qd3 d4 11.Bxf6 Nxf6 12.Ne4 Qb6 13.c4 dxc3 14.Qxc3 Nxe4 15.Bxe4 f6
16.Qf3 Rb8 17.Qh5+ Bf7 18.Qh3 g6 19.Rad1 O-O 20.Qd7 Rfe8 21.Bd5 Rbd8 22.Bxf7+ Kxf7
23.Qa4 a6 24.Qe4 Qb5 25.Rxd8 Rxd8 26.Rc1 Qd5 27.Qc2 f5 28.e4 fxe4 29.Re1 Qd3
30.Qc7 Qd5 31.Re3 Rd7 32.Qc2 Qd1+ 33.Qxd1 Rxd1+ 34.Kg2 Rb1 35.Re2 Ke6 36.Na5 b6
37.Nc4 Bc5 38.Rxe4 Kd5 39.f3 Bd4 40.b3 b5 41.Ne3+ Bxe3 42.Rxe3 Rb2+ 43.Kh3 Rxa2
44.g4 a5 45.Kg3 Ra3 46.f4 e4 47.f5 gxf5 48.gxf5 Ke5 49.Rc3 Kxf5 50.Rc5+ Ke6
51.Rxb5 a4 52.Kf4 Rxb3 53.Ra5 Rb4 54.Ke3 Kd6 55.Rh5 Rb7 56.Ra5 Rb4 57.Rh5 Kc6
58.Rxh7 Kb5 59.Ra7 Kc4 60.h4 Kb3 61.h5 Rb6 62.Kxe4 Rh6 63.Rb7+ Kc4 64.Rc7+ Kb5
65.Kd3 Rxh5 66.Kc2 Kb4 67.Rb7+ Ka3 68.Ra7 Rb5 69.Ra8 Rb4 70.Kc3 Rh4 71.Kc2 Ka2
72.Rb8 Rc4+ 73.Kd2 a3 74.Rb7 Rh4 75.Kc1 Rh1+ 76.Kc2 Rh2+ 77.Kc1 Rb2 78.Ra7 Rb6
79.Rc7 Rh6 80.Rb7 Rc6+ 81.Kd2 Rc4 82.Rb8 Rc7  1/2-1/2

[Event "ECC"]
[Site "Rethymnon GRE"]
[Date "2003.10.03"]
[Round "6"]
[White "Nivala,T"]
[Black "Souleidis,G"]
[Result "1/2-1/2"]
[WhiteElo "2196"]
[BlackElo "2382"]

1.g3 d5 2.Nf3 Nc6 3.d4 Bg4 4.Bg2 e6 5.O-O Nf6 6.c4 Bd6 7.Nc3 O-O 8.cxd5 Nxd5
9.Nxd5 exd5 10.Qb3 Bxf3 11.Bxf3 Nxd4 12.Qxd5 Nxf3+ 13.Qxf3 Rb8 14.Be3 b6
15.Rfd1 Qe7 16.Qc6 Rfe8 17.Rd2 Qe4 18.Rc1 Qxc6 19.Rxc6 Kf8 20.Kg2 Re6 21.Bd4 f5
22.h4 Rbe8 23.e3 g6 24.Rdc2 R8e7 25.Kf3 Re4 26.a4 Ke8 27.b4 h6 28.b5 Kd7
29.R6c4 g5 30.hxg5 hxg5 31.Ke2 g4 32.Kd3 Ke6 33.Rc1 Rh7 34.Bc3 Kd5 35.Bd4 Rh2
36.R4c2 Re7 37.Rd1 Reh7 38.Re1 Rh1 39.Rce2 Rxe1 40.Rxe1 Re7 41.Rh1 c5 42.bxc6 Kxc6
43.Rh6 Re8 44.Rh7  1/2-1/2